El alma de occidente: la contribución del Judaísmo a la Civización Occidental
Сохранить в:
| Главный автор: | |
|---|---|
| Формат: | |
| Язык: | испанский |
| Опубликовано: |
Santiago
Imprenta Miravalles
1995
|
| Предметы: | |
| Метки: |
Добавить метку
Нет меток, Требуется 1-ая метка записи!
|
MARC
| LEADER | 00000nam a2200000 a 4500 | ||
|---|---|---|---|
| 001 | UCQ2201 | ||
| 003 | CL-VaPUC | ||
| 008 | 980721e19950000CL |||||||||||||||||spa|d | ||
| 082 | 0 | 4 | |a 909.04924 |b VEG |2 21 |
| 100 | 0 | |a Veghazi K., Esteban |e author |9 416159 | |
| 245 | 1 | 3 | |a El alma de occidente: la contribución del Judaísmo a la Civización Occidental |
| 300 | |a 391 p | ||
| 942 | |c BK | ||
| 945 | |d 19980721 00:00:00 |a aalvarez | ||
| 260 | |a Santiago |b Imprenta Miravalles |c 1995 | ||
| 650 | 0 | |a Judaísmo |9 269348 | |
| 650 | 0 | |a Historia de la religión |9 313185 | |
| 650 | 0 | |a Religión |9 255164 | |
| 650 | 0 | |a Diálogo interreligioso |9 411149 | |
| 583 | |a last modification |c 20111003 04:51:27 |k Rodrigo Vera | ||
| 999 | |c 273040 |d 273038 | ||
| 952 | |0 0 |1 0 |4 0 |6 909_049240000000000_VEG_1995 |7 0 |8 A |9 308313 |a BIBTEO |b BIBTEO |d 2019-11-20 |i 2025183 |o 909.04924 VEG 1995 |p 2025183 |r 2025-01-17 |w 2019-11-20 |y BK |k ICR | ||
| 952 | |0 0 |1 0 |4 0 |6 909_049240000000000_VEG_1995 |7 0 |8 A |9 308314 |a BIBTEO |b BIBTEO |d 2019-11-20 |i 4074866 |o 909.04924 VEG 1995 |p 4074866 |r 2025-01-17 |w 2019-11-20 |y BK |k ICR | ||